Top 100 Cleveland Browns of All Time - Statistics

General Stats
  • This quiz has been taken 91 times
  • The average score is 18 of 100
Answer Stats
Position Player % Correct
RB Jim Brown
96%
DE Courtney Brown
89%
DE Myles Garrett
82%
QB Otto Graham
82%
OT Joe Thomas
72%
QB Bernie Kosar
58%
QB Baker Mayfield
54%
TE Ozzie Newsome
53%
QB Brian Sipe
46%
LB Eddie Johnson
41%
WR Kevin Johnson
41%
LB Mike Johnson
41%
DT Walter Johnson
41%
WR/ST Josh Cribbs
40%
LB/DE Clay Matthews
36%
K/OT Lou Groza
36%
K Phil Dawson
34%
OG Jim Ray Smith
33%
LB D'Qwell Jackson
28%
RB/KR Eric Metcalf
28%
WR Michael Jackson
28%
OG Robert Jackson
28%
WR Dub Jones
27%
OT Tony Jones
27%
RB Earnest Byner
25%
WR Paul Warfield
25%
C Alex Mack
24%
FB Marion Motley
23%
RB/FB Kevin Mack
22%
WR Braylon Edwards
20%
CB Joe Haden
20%
RB/KR Leroy Kelly
19%
K Matt Bahr
18%
DT Michael Dean Perry
18%
WR Webster Slaughter
17%
FB Ernie Green
16%
CB Hanford Dixon
16%
RB Jamal Lewis
16%
WR Dante Lavelli
13%
QB Frank Ryan
13%
CB Frank Minnifield
12%
LB Andra Davis
11%
CB Ben Davis
11%
RB/KR Bobby Mitchell
11%
LB Jamir Miller
11%
OG Gene Hickerson
10%
RB/KR Greg Pruitt
10%
WR Mac Speedie
10%
DL/OL Bill Willis
8%
DT Bob Golic
8%
DB Clarence Scott
8%
DT Jerry Sherk
8%
DE Len Ford
8%
FS Thom Darden
8%
QB Bill Nelsen
7%
LB Chip Banks
7%
OT Cody Risien
7%
OT Doug Dieken
7%
S Eric Turner
7%
LB/DE Jim Houston
7%
OG Joe DeLamielleure
7%
DT Lyle Alzado
7%
DE Bill Glass
6%
OT Dick Schafrath
6%
K/P Don Cockroft
6%
C Frank Gatski
6%
WR/P Gary Collins
6%
KR Gerald McNeil
6%
OT/DL Mike McCormack
6%
C Tom DeLeone
6%
RB/FB Mike Pruitt
5%
WR Reggie Rucker
5%
DB Tommy James
5%
DE Anthony Pleasant
4%
CB Bernie Parrish
4%
TE Milt Morin
4%
OT Monte Clark
4%
WR Ray Renfro
4%
LB Tom Cousineau
4%
DB Warren Lahr
4%
CB Erich Barnes
2%
C Fred Hoaglin
2%
DE Rob Burnett
2%
LB Vince Costello
2%
LB Walt Michaels
2%
OG Abe Gibron
1%
DB Ben Konz
1%
DT Bob Gain
1%
DT Don Colo
1%
S Don Fleming
1%
CB Don Paul
1%
LB Galen Fiss
1%
WR/DE/P Horace Gillom
1%
C John Morrow
1%
OG John Wooten
1%
DL Orpheus Roye
1%
DE Paul Wiggin
1%
LS Ryan Pontbriand
1%
FB/LB Tony Adamle
1%
LB Willie McGinest
1%
No matching quizzes found
Score Distribution
Percent of People with Each Score
Percentile by Number Answered
Your Score History
You have not taken this quiz